| 000 | 00888nam a2200253Ia 4500 | ||
|---|---|---|---|
| 999 |
_c55446 _d55446 |
||
| 001 | 22528 | ||
| 003 | GE_BSU | ||
| 005 | 20230324101602.0 | ||
| 008 | 181216s2016||||fr |||||||||||||| ||fre|| | ||
| 020 | _a9782090380576 | ||
| 040 | _cGE_BSU | ||
| 041 | _aFre | ||
| 080 | _a811.133.1 G-72 | ||
| 100 |
_aGrand-Clement, Odile _917241 |
||
| 245 |
_aGrammaire en Dialogues A1 ( + CD)- Niveau grand debutant / _cOdile Grand-Clement ; Edition : Christine Ligonie,Virginie Poitrasson ; illustrations Jan-Pierre Foissy. |
||
| 264 |
_aParis ; _bCLE INTERNATIONAL, _c2016. |
||
| 300 |
_a143 p. : _bill. +1CD ; _c29 cm. |
||
| 541 | _h102gel. | ||
| 653 | _aGrammaire en Dialogues. A1 ( + CD)- Niveau grand debutant | ||
| 700 |
_aLigonie, Christine _eEdition _917242 |
||
| 700 |
_aPoitrasson, Virginie _eEdition _912727 |
||
| 700 |
_aFoissy, Jean-Pierre _eillustrations _917243 |
||
| 942 |
_cBK _2udc |
||